Vektorová analýza : Matematika pro vysoké školy technické

Saved in:
Bibliographic Details
Main Authors: Nováková, Eva (Author), Vacek, Milan (Author), Nagy, Jozef (Author)
Format: Book
Language:Czech
Published: Praha : SNTL, 1984
Edition:1.vyd.
Subjects:
Tags: Add Tag
No Tags, Be the first to tag this record!

MARC

LEADER 00000nam a22000003a 4500
001 stu39652
005 20150617225726.2
008 930219s1984----cs------------------cze-d
040 |a STU  |b slo 
041 0 |a cze 
044 |a cs 
080 |a 514.742.4(075.8) 
100 1 |a Nováková, Eva  |4 aut 
245 1 |a Vektorová analýza :  |b Matematika pro vysoké školy technické 
250 |a 1.vyd. 
260 |a Praha :  |b SNTL,  |c 1984 
300 |a 142 s 
650 7 |a Analýza vektorová  |2 stusub 
650 7 |a vektory  |2 stusub 
700 1 |a Vacek, Milan  |4 aut 
700 1 |a Nagy, Jozef  |4 aut 
996 |b 284M036731  |c M*1685-22  |l MMKN  |s A  |a 24  |w stu39652_0001 
996 |b 284M036725  |c M*1685-30  |l MMKN  |s A  |a 24  |w stu39652_0002 
996 |b 284M036723  |c M*1685-4  |l MMKN  |s A  |a 24  |w stu39652_0003 
996 |b 284M036733  |c M*1685-6  |l MMKN  |s A  |a 24  |w stu39652_0004 
996 |b 284M036732  |c M*1685-21  |l MMKN  |s A  |a 24  |w stu39652_0005